00857nam a22002417a 4500999001900000005001700019010001300036020002600049035001300075037002800088082001600116100002200132245009500154250001100249260003900260270004300299300003300342500001800375700002200393700001700415942003000432952015300462 c182250d18225020211109144644.0 aB-741830 a9780070144941c199.00 aB-741830 bTata Mc Graw Hill /Gift a658.4038011 aO'Brien, James A. aManagement information systems /cby James A. O'Brien, George M. Marakas [and] Ramesh Behl a9th ed aNew DelhibTata Mc Graw Hillc2010 a7 West Patel Nagar,bNew Delhie110008 axxx, 831p.:bill.c24cm(pbk) ainclude index aMarakas, George M aBehl, Ramesh 2ddccENmOBRh658.4038011 001040708NFICaBNbBNd2021-11-09eEng/Gift/8.11.2021g199.00l0o658.4038011 OBRpB-741830r2021-11-09 00:00:00t1v199.00w2021-11-09yENzGift